000 00641nam a22001937a 4500
999 _c61826
_d61826
005 20240522111434.0
008 240522s2001 enk||||| |||| 00| 0 eng d
020 _a9780849391170x
041 _aeng
080 _a611.018 B-76
245 _aBone Mechanics Handbook /
_cEdited by Stephen C. Cowin.
250 _aSecond edition
264 _aLondon:
_bCRC Press,
_c2001.
300 _a700 p.;
_b26 cm.
653 _aძვლის მექანიკური დაავადებები
653 _aმედიცინა
700 _aCowin, Stephen C.
_eრედაქტორი
_922134
942 _2udc
_cᲬᲘᲒᲜᲘ